<?xml version="1.0" encoding="UTF-8"?>
<record
    xmlns:xsi="http://www.w3.org/2001/XMLSchema-instance"
    xsi:schemaLocation="http://www.loc.gov/MARC21/slim http://www.loc.gov/standards/marcxml/schema/MARC21slim.xsd"
    xmlns="http://www.loc.gov/MARC21/slim">

  <leader>01374nam a22002297a 4500</leader>
  <datafield tag="999" ind1=" " ind2=" ">
    <subfield code="c">68660</subfield>
    <subfield code="d">68660</subfield>
  </datafield>
  <controlfield tag="005">20210914083448.0</controlfield>
  <controlfield tag="008">      s2553    th ||||| |||| 00| 0 tha d</controlfield>
  <datafield tag="040" ind1=" " ind2=" ">
    <subfield code="a">&#xE4C;NALT</subfield>
  </datafield>
  <datafield tag="050" ind1=" " ind2=" ">
    <subfield code="a">HD 9066.T52 </subfield>
    <subfield code="b">&#xE2A;549&#xE01; 2553</subfield>
  </datafield>
  <datafield tag="100" ind1="0" ind2=" ">
    <subfield code="a">&#xE2A;&#xE31;&#xE08;&#xE08;&#xE32; &#xE1A;&#xE23;&#xE23;&#xE08;&#xE07;&#xE28;&#xE34;&#xE23;&#xE34;</subfield>
    <subfield code="9">23266</subfield>
  </datafield>
  <datafield tag="245" ind1="1" ind2="0">
    <subfield code="a">&#xE01;&#xE32;&#xE23;&#xE1E;&#xE31;&#xE12;&#xE19;&#xE32;&#xE40;&#xE04;&#xE23;&#xE37;&#xE2D;&#xE02;&#xE48;&#xE32;&#xE22;&#xE28;&#xE39;&#xE19;&#xE22;&#xE4C;&#xE02;&#xE49;&#xE32;&#xE27;&#xE0A;&#xE38;&#xE21;&#xE0A;&#xE19;&#xE43;&#xE19;&#xE40;&#xE02;&#xE15;&#xE25;&#xE38;&#xE48;&#xE21;&#xE19;&#xE49;&#xE33;&#xE21;&#xE39;&#xE25; /</subfield>
    <subfield code="c">&#xE2A;&#xE31;&#xE08;&#xE08;&#xE32; &#xE1A;&#xE23;&#xE23;&#xE08;&#xE07;&#xE28;&#xE34;&#xE23;&#xE34;, &#xE1A;&#xE33;&#xE40;&#xE1E;&#xE47;&#xE0D; &#xE40;&#xE02;&#xE35;&#xE22;&#xE27;&#xE2B;&#xE27;&#xE32;&#xE19;, &#xE1A;&#xE38;&#xE0D;&#xE0D;&#xE24;&#xE17;&#xE18;&#xE34;&#xE4C;  &#xE21;&#xE38;&#xE48;&#xE07;&#xE08;&#xE2D;&#xE07;&#xE01;&#xE25;&#xE32;&#xE07;, &#xE1A;&#xE38;&#xE13;&#xE11;&#xE23;&#xE34;&#xE01;&#xE32; &#xE19;&#xE31;&#xE19;&#xE17;&#xE32;.</subfield>
  </datafield>
  <datafield tag="260" ind1=" " ind2=" ">
    <subfield code="a">&#xE01;&#xE23;&#xE38;&#xE07;&#xE40;&#xE17;&#xE1E;&#xE2F; : </subfield>
    <subfield code="b">&#xE21;&#xE2B;&#xE32;&#xE27;&#xE34;&#xE17;&#xE22;&#xE32;&#xE25;&#xE31;&#xE22;&#xE2A;&#xE38;&#xE42;&#xE02;&#xE17;&#xE31;&#xE22;&#xE18;&#xE23;&#xE23;&#xE21;&#xE32;&#xE18;&#xE34;&#xE23;&#xE32;&#xE0A;, </subfield>
    <subfield code="c">2553.</subfield>
  </datafield>
  <datafield tag="300" ind1=" " ind2=" ">
    <subfield code="a">129 &#xE2B;&#xE19;&#xE49;&#xE32; :</subfield>
    <subfield code="b">&#xE15;&#xE32;&#xE23;&#xE32;&#xE07;, &#xE41;&#xE1C;&#xE19;&#xE20;&#xE39;&#xE21;&#xE34; ;</subfield>
    <subfield code="c">29 &#xE0B;&#xE21;.</subfield>
  </datafield>
  <datafield tag="650" ind1=" " ind2="0">
    <subfield code="a">&#xE02;&#xE49;&#xE32;&#xE27;</subfield>
    <subfield code="9">3767</subfield>
  </datafield>
  <datafield tag="653" ind1=" " ind2="4">
    <subfield code="a">&#xE40;&#xE04;&#xE23;&#xE37;&#xE2D;&#xE02;&#xE48;&#xE32;&#xE22;&#xE28;&#xE39;&#xE19;&#xE22;&#xE4C;&#xE02;&#xE49;&#xE32;&#xE27;&#xE0A;&#xE38;&#xE21;&#xE0A;&#xE19;</subfield>
  </datafield>
  <datafield tag="700" ind1="0" ind2=" ">
    <subfield code="a">&#xE1A;&#xE33;&#xE40;&#xE1E;&#xE47;&#xE0D; &#xE40;&#xE02;&#xE35;&#xE22;&#xE27;&#xE2B;&#xE27;&#xE32;&#xE19;</subfield>
    <subfield code="9">23267</subfield>
  </datafield>
  <datafield tag="700" ind1="0" ind2=" ">
    <subfield code="9">23265</subfield>
    <subfield code="a">&#xE1A;&#xE38;&#xE0D;&#xE0D;&#xE24;&#xE17;&#xE18;&#xE34;&#xE4C; &#xE21;&#xE38;&#xE48;&#xE07;&#xE08;&#xE2D;&#xE07;&#xE01;&#xE25;&#xE32;&#xE07;</subfield>
  </datafield>
  <datafield tag="700" ind1="0" ind2=" ">
    <subfield code="9">42921</subfield>
    <subfield code="a">&#xE1A;&#xE38;&#xE13;&#xE11;&#xE23;&#xE34;&#xE01;&#xE32; &#xE19;&#xE31;&#xE19;&#xE17;&#xE32;</subfield>
  </datafield>
  <datafield tag="850" ind1=" " ind2=" ">
    <subfield code="a">NALT</subfield>
  </datafield>
  <datafield tag="942" ind1=" " ind2=" ">
    <subfield code="c">RSH</subfield>
    <subfield code="2">lcc</subfield>
  </datafield>
  <datafield tag="998" ind1=" " ind2=" ">
    <subfield code="j">104</subfield>
    <subfield code="k"> &#xE2A;&#xE32;&#xE22;&#xE1D;&#xE19; &#xE14;&#xE35;&#xE07;&#xE32;&#xE21;</subfield>
  </datafield>
  <datafield tag="952" ind1=" " ind2=" ">
    <subfield code="0">0</subfield>
    <subfield code="1">0</subfield>
    <subfield code="2">lcc</subfield>
    <subfield code="4">0</subfield>
    <subfield code="7">0</subfield>
    <subfield code="8">CRSH</subfield>
    <subfield code="a">NALT</subfield>
    <subfield code="b">NALT</subfield>
    <subfield code="e">&#xE1A;&#xE23;&#xE34;&#xE08;&#xE32;&#xE04;</subfield>
    <subfield code="l">0</subfield>
    <subfield code="o">&#xE27; HD 9066.T52 &#xE2A;549&#xE01; 2553</subfield>
    <subfield code="p">3961192471</subfield>
    <subfield code="r">2017-06-09 00:00:00</subfield>
    <subfield code="w">2017-06-09</subfield>
    <subfield code="y">RSH</subfield>
  </datafield>
</record>
